Countries A-Z from Finnish to English - Statistics

General Stats
  • This quiz has been taken 113 times
  • The average score is 22 of 24
Answer Stats
Letter Country in Finnish Country in English % Correct
I Irlanti Ireland
100%
J Jamaika Jamaica
99%
O Oman Oman
99%
M Marokko Morocco
98%
Q Qatar Qatar
98%
A Antigua ja Barbuda Antigua and Barbuda
97%
Y Jemen Yemen
97%
F Suomi Finland
96%
Z Sambia Zambia
96%
H Unkari Hungary
95%
C Kiina China
94%
D Tanska Denmark
94%
L Liettua Lithuania
94%
S Etelä-Afrikka South Africa
94%
T Itä-Timor Timor-Leste
92%
U Yhdistynyt kuningaskunta United Kingdom
92%
V Vatikaanivaltio Vatican City
92%
G Kreikka Greece
91%
E Päiväntasaajan Guinea Equatorial Guinea
89%
P Puola Poland
89%
K Kirgisia Kyrgyzstan
88%
R Venäjä Russia
88%
N Alankomaat Netherlands
78%
B Valko-Venäjä Belarus
77%
No matching quizzes found
Score Distribution
Percent of People with Each Score
Percentile by Number Answered
Your Score History
You have not taken this quiz